| 000 | 00000nam 2200000zi 4500 |
| 001 | 9.936961 |
| 003 | CaOODSP |
| 005 | 20240716141106 |
| 006 | m o d f |
| 007 | cr |n||||||||| |
| 008 | 240417e202403##oncda o f00| 0 eng d |
| 020 | |a9780660714271 |
| 040 | |aCaOODSP|beng|erda|cCaOODSP |
| 043 | |an-cn--- |
| 086 | 1 |aPS4-322/2024E-PDF |
| 245 | 00|aEvaluation of Public Safety's support to Avalanche Canada's long-term sustainability and expansion of services : |bevaluation report. |
| 264 | 1|a[Ottawa] : |bPublic Safety Canada = Sécurité publique Canada, |cMarch 2024. |
| 264 | 4|c©2024 |
| 300 | |a1 online resource (19 pages) : |bcharts, illustrations |
| 336 | |atext|btxt|2rdacontent |
| 337 | |acomputer|bc|2rdamedia |
| 338 | |aonline resource|bcr|2rdacarrier |
| 500 | |aIssued also in French under title: Évaluation du soutien de Sécurité publique Canada à la durabilité à long terme et à l'expansion des services d'Avalanche Canada. |
| 610 | 10|aCanada. |bPublic Safety Canada|xEvaluation. |
| 650 | 0|aNon-governmental organizations|zCanada|xFinance|xEvaluation. |
| 650 | 0|aAvalanches|xRisk assessment|zCanada. |
| 710 | 1 |aCanada. |bPublic Safety Canada, |eissuing body. |
| 775 | 08|tÉvaluation du soutien de Sécurité publique Canada à la durabilité à long terme et à l'expansion des services d'Avalanche Canada : |w(CaOODSP)9.936965 |
| 856 | 40|qPDF|s1.26 MB|uhttps://publications.gc.ca/collections/collection_2024/sp-ps/PS4-322-2024-eng.pdf |
| 856 | 4 |qHTML|sN/A|uhttps://www.publicsafety.gc.ca/cnt/rsrcs/pblctns/vltn-vlnch-cnd/index-en.aspx |